Normal view MARC view

Entry Personal Name

Number of records used in: 1

001 - CONTROL NUMBER

  • control field: 60065

003 - CONTROL NUMBER IDENTIFIER

  • control field: OSt

005 - DATE AND TIME OF LATEST TRANSACTION

  • control field: 20260413111105.0

008 - FIXED-LENGTH DATA ELEMENTS

  • fixed length control field: 260413|| aca||aabn | a|a d

040 ## - CATALOGING SOURCE

  • Original cataloging agency: OSt
  • Transcribing agency: OSt

100 ## - HEADING--PERSONAL NAME

  • Personal name: Smith, Daniel Scott Kennard, Neha Nayak Du, Tianyu and McFarland, Daniel A.

670 ## - SOURCE DATA FOUND

  • Source citation: Work cat.: (OSt): Smith, Daniel Scott Kennard, Neha Nayak Du, Tianyu and McFarland, Daniel A. , How values and uncertainty shape scientific advance in peer review

Powered by Koha